Szczegóły MARC21

Gospodarka finansowa przedsiębiorstwa : długoterminowe decyzje finansowe /

003 -Nazwa inst., której nr kontr. jest w polu 001 [,]
    • @
    • Nazwa instytucji, której n kontrolny jest w polu 001
    • NUKAT
005 -DATA I CZAS OSTATNIEJ MODYFIKACJI [,]
    • @
    • pole kontrolne
    • 20241231104219.0
020 -Międzynarod. znormalizowany nr książki - ISBN [ , ]
    • a
    • Numer ISBN
    • 9788365648457 Find
    • q
    • Dopowiedzenie
    • druk
020 -Międzynarod. znormalizowany nr książki - ISBN [ , ]
    • a
    • Numer ISBN
    • 9788365648464 Find
    • q
    • Dopowiedzenie
    • e-book PDF
020 -Międzynarod. znormalizowany nr książki - ISBN [ , ]
    • a
    • Numer ISBN
    • 9788365648471 Find
    • q
    • Dopowiedzenie
    • e-book epub
020 -Międzynarod. znormalizowany nr książki - ISBN [ , ]
    • a
    • Numer ISBN
    • 9788365648488 Find
    • q
    • Dopowiedzenie
    • e-book mobi
040 -Instytucja sporządzająca opis [ , ]
    • a
    • Instytucja, która sporządziła opis (NP)
    • WR U/PAd
    • b
    • Język katalogowania
    • pol
    • e
    • Zasady katalogowania
    • rda
    • c
    • Instytucja, która sporządziła rekord (NP)
    • WR U/ap
    • d
    • Instytucja, która zmodyfikowała rekord (P)
    • WR U/ml
    • d
    • Instytucja, która zmodyfikowała rekord (P)
    • WR U/DFs
    • d
    • Instytucja, która zmodyfikowała rekord (P)
    • WA 14/MBs
    • d
    • Instytucja, która zmodyfikowała rekord (P)
    • SZCZ U/MC
942 -Rodzaj dokumentu [ , ]
    • c
    • Rodzaj dokumentu
    • Książka
100 -Hasło główne - nazwa osobowa [1, ]
    • a
    • Nazwa osobowa (NP)
    • Kordela, Dominika.
    • e
    • Rodzaj współpracy
    • Autor
    • 9
    • KHW
    • 54771
245 -Strefa tytułu i oznaczenia odpowiedzialności [1,0]
    • a
    • Tytuł
    • Gospodarka finansowa przedsiębiorstwa : Find
    • b
    • Ciąg dalszy tytułu (NP)
    • długoterminowe decyzje finansowe / Find
    • c
    • Pozostałe elementy strefy tytułu i oznaczenia odpowiedzialności (NP)
    • Dominika Kordela, Maciej Pawłowski.
260 -Strefa adresu wydawniczego [ , ]
    • a
    • Miejsce wydania (P)
    • Kraków ;
    • a
    • Miejsce wydania (P)
    • Legionowo :
    • b
    • Nazwa wydawcy (P)
    • edu-Libri,
    • c
    • Data wydania (P)
    • 2018.
300 -Strefa opisu fizycznego [ , ]
    • a
    • Określenie formy książki i/lub objętość (NP)
    • 124 strony :
    • b
    • Oznaczenie ilustracji (NP)
    • ilustracje ;
    • c
    • Format (NP)
    • 24 cm.
336 -Typ zawartości [ , ]
    • a
    • Termin opisujący typ zawartości
    • Tekst
    • b
    • Kod określający zawartość
    • txt
    • 2
    • Źródło (terminu i kodu)
    • rdacontent
337 -Typ mediów [ , ]
    • a
    • Tryb odtwarzania
    • Bez urządzenia pośredniczącego
    • b
    • Kod typu mediów
    • n
    • 2
    • Źródło (terminu i kodu)
    • rdamedia
338 -Typ/rodzaj nośnika [ , ]
    • a
    • Hasło opisujące typ nośnika
    • Wolumin
    • b
    • Kod typu nośnika
    • nc
    • 2
    • Źródło (terminu i kodu)
    • rdacarrier
380 -Deskryptor - Forma dzieła (P) [ , ]
    • a
    • forma dzieła (NP)
    • Książki
380 -Deskryptor - Forma dzieła (P) [ , ]
    • a
    • forma dzieła (NP)
    • Publikacje naukowe
388 -Deskryptor - czas powstania dzieła (P) [1, ]
    • a
    • Czas powstania dzieła (NP)
    • 2001-
500 -Uwaga ogólna [ , ]
    • a
    • Uwaga ogólna (NP)
    • Na okładce: Kompendium wiedzy z zakresu źródeł, metod i instrumentów kształtowania struktury kapitału współczesnego przedsiębiorstwa.
504 -Uwaga dot. bibliogr. załącznikowej [ , ]
    • a
    • Uwaga dot. bibliografii załącznikowej
    • Bibliografia na stronach 120-124.
536 -Uwaga dot. finansowania książki [ , ]
    • a
    • Tekst uwagi
    • Publikacja została sfinansowana ze środków na utrzymanie potencjału badawczego przyznanych Wydziałowi Zarządzania i Ekonomiki Usług Uniwersytetu Szczecińskiego
650 -Hasło przedmiotowe [ ,7]
    • a
    • Hasło przedmiotowe
    • Przedsiębiorstwa
    • x
    • Określnik rzeczowy
    • finanse.
    • 2
    • Źródło terminu
    • kaba
    • 9
    • KHW
    • 126391
650 -Hasło przedmiotowe [ ,7]
    • a
    • Hasło przedmiotowe
    • Przedsiębiorstwa
    • x
    • Określnik rzeczowy
    • finanse
    • y
    • Określnik chronologiczny
    • 1990-.
    • 2
    • Źródło terminu
    • kaba
    • 9
    • KHW
    • 361465
650 -Hasło przedmiotowe [ ,7]
    • a
    • Hasło przedmiotowe
    • Decyzje finansowe
    • 2
    • Źródło terminu
    • DBN
    • 9
    • KHW
    • 725568
650 -Hasło przedmiotowe [ ,7]
    • a
    • Hasło przedmiotowe
    • Finanse przedsiębiorstwa
    • 2
    • Źródło terminu
    • DBN
    • 9
    • KHW
    • 722099
650 -Hasło przedmiotowe [ ,7]
    • a
    • Hasło przedmiotowe
    • Finansowanie
    • 2
    • Źródło terminu
    • DBN
    • 9
    • KHW
    • 744868
650 -Hasło przedmiotowe [ ,7]
    • a
    • Hasło przedmiotowe
    • Kapitał obcy przedsiębiorstwa
    • 2
    • Źródło terminu
    • DBN
650 -Hasło przedmiotowe [ ,7]
    • a
    • Hasło przedmiotowe
    • Kapitał własny przedsiębiorstwa
    • 2
    • Źródło terminu
    • DBN
655 -Hasło w funkcji tematu formalnego [ ,7]
    • a
    • Hasło
    • Monografia
    • 2
    • Źródło terminu
    • DBN
    • 9
    • KHW
    • 721273
658 -Ujęcie treści [ , ]
    • a
    • dziedzina nauki i sztuki/ sfera aktywności życiowej
    • Gospodarka, ekonomia, finanse
658 -Ujęcie treści [ , ]
    • a
    • dziedzina nauki i sztuki/ sfera aktywności życiowej
    • Zarządzanie i marketing
700 -Hasło dodatkowe - nazwa osobowa [1, ]
    • a
    • Nazwa osobowa (NP)
    • Pawłowski, Maciej Find
    • c
    • Dopowiedzenie inne niż daty biograficzne (NP)
    • (ekonomia).
    • e
    • Określenie rodzaju współpracy
    • Autor
    • 9
    • KHW
    • 78855
710 -Hasło dodatkowe - nazwa ciała zbiorowego [2, ]
    • a
    • Nazwa ciała zbiorowego lub nazwa geograficzna jako pierwszy element (NP)
    • edu-Libri.
    • e
    • Rodzaj współpracy
    • Wydawca
    • 4
    • Kod relacji
    • pbl
    • 9
    • KHW
    • 90568
920 -ISBN [ , ]
    • a
    • ISBN
    • 978-83-65648-45-7 Find
    • q
    • Dopowiedzenie
    • druk
920 -ISBN [ , ]
    • a
    • ISBN
    • 978-83-65648-46-4 Find
    • q
    • Dopowiedzenie
    • e-book PDF
920 -ISBN [ , ]
    • a
    • ISBN
    • 978-83-65648-47-1 Find
    • q
    • Dopowiedzenie
    • e-book epub
920 -ISBN [ , ]
    • a
    • ISBN
    • 978-83-65648-48-8 Find
    • q
    • Dopowiedzenie
    • e-book mobi
Sygnatura Numer inwentarzowy Status udost. Lokalizacja Data inwentaryzacji
 E.78476-2BE2018-06-20
 S.95787-2BE2018-06-20
 S.98282-2BE2023-09-07
 S.98283-2BE2023-09-07
T.20284T.20284-2T2018-06-13
TM.14058TM.14058-2T2018-06-13
TM.14060TM.14060-2T2018-06-13
TM.14192TM.14192-3T2018-07-25
TM.14307TM.14307-3T2018-12-03
TM.14308TM.14308-3T2018-12-03
TM.14309TM.14309-3T2018-12-03
TM.14310TM.14310-3T2018-12-03
TM.14311TM.14311-3T2018-12-03
TM.14677TM.14677-3T2019-05-06
TM.14678TM.14678-3T2019-05-06
TM.14679TM.14679-3T2019-05-06
TM.14059TM.14059-6T2018-06-13